| Поле | Инд. | ПП | Название | Значение |
|---|---|---|---|---|
| Тип записи | a | |||
| Библиографический уровень | m | |||
| 001 | Контрольный номер | 4c653209-fc79-4371-8f4d-638112db593d | ||
| 005 | Дата корректировки | 20140703132828.5 | ||
| 008 | Кодируемые данные | 040901 | ||
| 020 | c | Цена, тираж | 28.00 | |
| 040 | a | Служба первич. каталог. | НБ ТвГУ | |
| 041 | a | Код языка текста | rus | |
| 080 | a | Индекс УДК | 331.109.64 | |
| 084 | a | Индекс другой классификации/Индекс ББК | Х891 | |
| a | Индекс другой классификации/Индекс ББК | Х629.01 | ||
| 090 | x | Авторский знак | О-14 | |
| a | Полочн. индекс | Х891 | ||
| 245 | 00 | a | Заглавие | Обзор вопросов трудовой юстиции Европейских стран. Осуществление трудовой специализации в судебной системе Российской Федерации [19 июня 2001] |
| c | Ответственность | [подгот. М. Скопинич (Италия) и др. ; общ. ред. В. М. Оробец (Россия)] | ||
| 260 | 1_ | a | Место издания | Москва |
| c | Дата издания | 2001 | ||
| 300 | a | Объем | 78, [1] с. | |
| b | Иллюстрации/ тип воспроизводства | табл. | ||
| 440 | a | Серия | Проект TACIS "Поддержка осуществления социальной реформы и системы трудовых отношений (социальное партнерство и трудовые споры)" | |
| 504 | a | Библиография | Библиогр. в подстроч. примеч. | |
| 583 | a | Действие | Получение впервые 329 31.08.2004 | |
| k | Исполнитель действия | Дар читателя | ||
| 650 | a | Основная рубрика | Юстиция трудовая | |
| z | Географическая подрубрика | Европейские страны см. также Страны Европы | ||
| 650 | a | Основная рубрика | Суды трудовые | |
| 650 | a | Основная рубрика | Судебная система | |
| z | Географическая подрубрика | Российская Федерация | ||
| 653 | a | Ключевые слова | Трудовая юстиция стран ЕС | |
| a | Ключевые слова | Юстиция Европейских стран | ||
| a | Ключевые слова | Судебная система России | ||
| a | Ключевые слова | Трудовые суды | ||
| a | Ключевые слова | Трудовые споры | ||
| 700 | 1_ | a | Другие авторы | Скопинич Марио |
| e | Роль лиц | подгот. | ||
| 700 | 1_ | a | Другие авторы | Лехтинен Леена |
| e | Роль лиц | подгот. | ||
| 700 | 1_ | a | Другие авторы | Кутаз Пьер |
| e | Роль лиц | подгот. | ||
| 700 | 1_ | a | Другие авторы | Оробец В. М. |
| e | Роль лиц | подгот., ред. | ||
| 852 | t | Порядковый номер экземпляра | 1 | |
| p | Инвентарный номер | 788206 | ||
| 863 | t | 00023782 | ||
| 888 | a | Бесплатные | ||
| 952 | p | 329.2004 28.00 1 788206 | ||
| c | Вид литературы | К рн | ||
| 954 | a | Дата поступления на обработку | 20050209 | |
| 999 | a | Подразделение 2 | Фил1 |